Instant macromedia flash 5

Bibliographic Details
Main Author: Caldwell, Jim
Format: Book
Published: New York : McGraw-Hilll , 2001
Subjects:

MARC

LEADER 00000cam a2200000 7i4500
001 0000021794
005 20080624.0
020 |a 0072131446 
040 |a INS 
090 0 0 |a CD 187 
100 1 |a Caldwell, Jim 
245 1 0 |a Instant macromedia flash 5   |c Jim Caldwell [  |h electronic resources] 
260 |a New York :   |b McGraw-Hilll ,   |c 2001 
300 |a 1 computer optical disc :   |b ill., col. ;   |c 4 3/4 in. 
650 0 0 |a Computer animation 
650 0 0 |a Web sites   |x Authoring programs 
999 |a CD00000187   |b CD-ROM   |c Media Collection   |e Default branch